singles de werenoi - Statistiques

Statistiques générales
  • Ce quiz a été pris 89 fois
  • Le résultat moyen est 4 sur 8
Statistiques - réponses
Réponse % Correct
La League
72%
Scarface
69%
Derek
57%
Fort
54%
Guadalajara
53%
9 17
44%
Criminel
40%
Des ténèbres
40%
Aucun quiz correspondant
Distribution des résultats
% des personnes avec chaque résultat
Percentile par nombre de réponses
Votre historique - résultats
Vous n’avez pas pris ce quiz